| 000 | 01487nam a2200241Ia 4500 | ||
|---|---|---|---|
| 999 |
_c46930 _d46930 |
||
| 001 | 13783 | ||
| 003 | GE_BSU | ||
| 005 | 20240909154143.0 | ||
| 008 | 181216s2014||||ge |||||||||||||| ||geo|| | ||
| 020 | _a9789941451614 | ||
| 040 | _cGE_BSU | ||
| 041 | _ageo | ||
| 080 | _a341.176.2 მ-70 | ||
| 100 |
_aმირზაშვილი, მიხეილ _923194 |
||
| 245 |
_a გზამკვლევი : _bასოცირების შესახებ შეთანხმება, ერთის მხრივ, ევროკავშირს და ევროპის ატომური ენერგიის გაერთიანებას და მათ წევრ სახელმწიფოებსა და მეორეს მხრივ,საქართველოს შორის / _cმიხეილ მირზაშვილი, ივანე ჩხიკვაძე ; რედ. ლევან ცუცქირიძე, ირაკლი ქობალია. |
||
| 264 |
_aთბილისი : _bსაუნჯე, _c2014. |
||
| 300 |
_a65 გვ. ; _c21 სმ. |
||
| 653 | _aგზამკვლევი | ||
| 700 |
_aჩხიკვაძე, ივანე _eავტორი _923195 |
||
| 700 |
_aცუცქირიძე, ლევან _eრედაქტორი _93736 |
||
| 700 |
_aქობალია, ირაკლი _eრედაქტორი _923196 |
||
| 942 |
_cBK _2udc |
||